Statistiques concernant Les langues les plus parlées

Cliquez ici pour prendre le quiz!

Statistiques générales

  • Ce quiz a été pris 1 388 fois
  • Le résultat moyen est 8 sur 10

Statistiques - réponses

Nombre de locuteursLangue% Correct
1200 millionsAnglais
99%
274 millionsFrançais
99%
485 millionsEspagnol
98%
1350 millionsMandarin
97%
270 millionsArabe
88%
250 millionsPortugais
84%
235 millionsRusse
82%
450 millionsHindi
71%
270 millionsIndonésien
25%
250 millionsBengali
17%

Distribution des résultats

Percentile par nombre de réponses

% des personnes avec chaque résultat

Votre développement - résultats

Vous n’avez pas pris ce quiz